Romans : (Record no. 8238)

MARC details
000 -LEADER
fixed length control field 01009cam a2200289 a 4500
001 - CONTROL NUMBER
control field 16106073
003 - CONTROL NUMBER IDENTIFIER
control field GBCCL
005 - DATE AND TIME OF LATEST TRANSACTION
control field 20241126110646.0
008 - FIXED-LENGTH DATA ELEMENTS--GENERAL INFORMATION
fixed length control field 100224s2009 oru b 001 0 eng
010 ## -
-- 2010290994
020 ## - INTERNATIONAL STANDARD BOOK NUMBER
International Standard Book Number 9781606081563 (pbk.)
020 ## - INTERNATIONAL STANDARD BOOK NUMBER
International Standard Book Number 160608156X (pbk.)
035 ## - SYSTEM CONTROL NUMBER
System control number (OCoLC)ocn437054246
040 ## - CATALOGING SOURCE
Original cataloging agency DLC
Transcribing agency DLC
Modifying agency DLC
050 00 -
-- BS2665.53
-- .K44 2009
082 00 - DEWEY DECIMAL CLASSIFICATION NUMBER
Classification number 227.107
Edition information 22
Item number KEE
100 1# - MAIN ENTRY--PERSONAL NAME
Personal name Keener, Craig S.,
Dates associated with a name 1960-
9 (RLIN) 4494
245 10 - TITLE STATEMENT
Title Romans :
Remainder of title a new covenant commentary /
Statement of responsibility, etc. Craig S. Keener.
260 ## - PUBLICATION, DISTRIBUTION, ETC.
Place of publication, distribution, etc. Eugene, Oregon :
Name of publisher, distributor, etc. Cascade,
Date of publication, distribution, etc. c2009.
300 ## - PHYSICAL DESCRIPTION
Extent xxv, 274 p. ;
Dimensions 23 cm.
490 0# - SERIES STATEMENT
Series statement New covenant commentary series
504 ## - BIBLIOGRAPHY, ETC. NOTE
Bibliography, etc. note Includes bibliographical references (p. 195-212) and indexes.
630 00 - SUBJECT ADDED ENTRY--UNIFORM TITLE
Uniform title Bible.
Name of part/section of a work Romans
Form subdivision Commentaries.
9 (RLIN) 848
906 ## - LOCAL DATA ELEMENT F, LDF (RLIN)
a 7
b cbc
c origres
d 2
e ncip
f 20
g y-gencatlg
942 ## - ADDED ENTRY ELEMENTS (KOHA)
Source of classification or shelving scheme Dewey Decimal Classification
Koha item type Books
Koha issues (borrowed), all copies 7
Holdings
Withdrawn status Lost status Source of classification or shelving scheme Damaged status Not for loan Home library Current Library Shelving location Date acquired Source of acquisition Total checkouts Full call number Barcode Date last seen Date last checked out Copy number Price effective from Koha item type
    Dewey Decimal Classification     GRACE BIBLE COLLEGE GRACE BIBLE COLLEGE Biblical Studies 2019-07-30 GIFT 8 227.107 KEE 020069 2026-03-02 2026-02-25 c.1 2019-07-30 Books
    Dewey Decimal Classification     GRACE BIBLE COLLEGE GRACE BIBLE COLLEGE Biblical Studies 2026-01-23   1 227.107 KEE 017298 2026-02-10 2026-02-10 c.2 2026-01-23 Books
© Grace Bible College Library 2025